000 01247nam1a22003611i 4500
001 RU\INGAK2\INFOCOMM_318\NLR\5000089921
005 20240726233746.0
010 _a5030001972
035 _a(NLR Aleph) 011025377
090 _a11086294
_c11086294
100 _a20121224g19811989|||y0rusy50 ba
101 1 _afre
_crus
102 _aRU
105 _ay z||||
200 1 _aPhysique théorique
_fL. Landau et E. Lifchitz
205 _a4-e éd., compl.
210 _aM.
_cMir
_d1981-1989
215 _d22 см
300 _aНа пер. Т. 1 только частное загл. тома
300 _aВ вып. дан.: Теоретическая физика: В 10 т. / Лев Давидович Ландау, Евгений Михайлович Лифшиц
517 1 _aТеоретическая физика
_zrus
620 _aМосква
686 _aМх-0
_2rubbk
686 _a[В2]
_2rubbk
686 _aФз-10
_2rubbk
686 _a[В31]
_2rubbk
700 1 _aLandau
_bL. D.
_f1908-1968
_gLev Davidovič
701 1 _9z01790
_aLifšic
_bE. M.
_f1915-
_gEvgenij Michajlovič
790 1 _9z01701
_aLifchitz
_bE.
_4070
801 1 _aRU
_bInfoComm
_c20121224
801 0 _aRU
_bNLR
_gPSBO
852 _aNLR
_jФз01 Д-5/297
942 _cBOOK